| 000 | 00946nam a2200265Ia 4500 | ||
|---|---|---|---|
| 003 | OSt | ||
| 005 | 20220923211605.0 | ||
| 006 | a|||||r|||| 00| 0 | ||
| 007 | ta | ||
| 008 | 220922b |||||||| |||| 00| 0 pan d | ||
| 020 |
_a9789387711372 (hbk) _c300 |
||
| 024 | _a352,422 | ||
| 037 |
_b1174, 06/01/2020, H.K. Prakashan _cTextual |
||
| 040 |
_aARTS _cARTS _bpan |
||
| 041 |
_2pan _apan |
||
| 082 | _aO153,3N915x, Q9 | ||
| 100 | _aਗਿੱਲ, ਬਲਦੇਵ ਸਿੰਘ, ਂਚ. | ||
| 245 | 0 | _aਪਲਕਾਂ ਦੀ ਕਿFਤੀ | |
| 260 |
_aਂਅੰਮ੍ਰਿਤਸਰ _b ਕੇ. ਜੀ. ਗ੍ਰਫਿਕਸ _c2019 |
||
| 300 |
_a159ਪ੍ਰ0 _ccm. |
||
| 650 | _a ਪੰਜਾਬੀ ਕਹਾਣੀ | ||
| 650 | _aਪੰਜਾਬੀ ਸਾਹਿਤ | ||
| 942 |
_hO153,3N915x, Q9 _cTEXL _2CC |
||
| 999 |
_c301127 _d301127 |
||